Landlocked U.S States - Statistics

General Stats
  • This quiz has been taken 17 times
  • The average score is 18 of 20
Answers on the Map
Answers color-coded by a green-red scale on the quiz's map according to % correct below.
 
Answer Stats
Answer % Correct
Arkansas
100%
Colorado
100%
Arizona
92%
Idaho
92%
Iowa
92%
Kansas
92%
Kentucky
92%
Missouri
92%
Montana
92%
Nebraska
92%
Nevada
92%
North Dakota
92%
Oklahoma
92%
South Dakota
92%
Tennessee
92%
Utah
92%
Vermont
92%
Wyoming
92%
New Mexico
85%
West Virginia
85%
No matching quizzes found
Score Distribution
Percent of People with Each Score
Percentile by Number Answered
Your Score History
You have not taken this quiz